| 000 | 00834nam a2200241 i 4500 | ||
|---|---|---|---|
| 001 | bg | ||
| 100 | 1 | _aBorowiec, Arkadiusz. | |
| 245 | 1 | 0 |
_aZamówienia publiczne jako instrument wspierania małych i średnich przedsiębiorstw w Polsce / _cArkadiusz Borowiec. |
| 260 |
_aPoznań : _bWydawnictwo Politechniki Poznańskiej, _c2008. |
||
| 300 |
_a152 s. : _bil. ; _c24 cm. |
||
| 504 | _aBibliogr. s. 147-152. | ||
| 650 | 9 |
_aPrzedsiębiorstwa małe i średnie _xfinanse _zPolska _yod 1989 r. |
|
| 650 | 9 |
_aZamówienia publiczne _zPolska _yod 1989 r. |
|
| 015 | _aPB 89/2009 | ||
| 020 | _a9788371433993 | ||
| 040 | _cBPK | ||
| 041 | _apol | ||
| 044 | _aPOL | ||
| 080 | _a351.712:658.114-022.51:658.114-022.55:658.14/.17](438)"1989/..." | ||
| 920 | _a978-83-7143-399-3 | ||
| 942 | _cKS | ||
| 008 | 090408s2008 pl |000 0 pol | ||
| 999 |
_c56194 _d56194 |
||
| 856 |
_uhttp://koha.tu.koszalin.pl/cgi-bin/koha/opac-detail.pl?biblionumber=56194 _yKatalog online BPK |
||